000 00801nam a2200253Ia 4500
003 OSt
005 20221006153727.0
006 a|||||r|||| 00| 0
007 ta
008 221006b |||||||| |||| 00| 0 eng d
020 _a0691006504
024 _a33,159
037 _bGift, Japan Foundation
_cAnnuals, Advances
040 _aEASL
_cEASL
_beng
041 _2eng
_aeng
082 _aY:1.42.N5<-N1, P0
100 _aHarootunian Harry Au.
_9665164
245 0 _aOvercome by modernity
_bHistory,culture,and community in interwar Japan
260 _aPrinceton
_bPrinceton University press
_c2000
300 _axxxii,440p.
_ccm.
490 _v JEL
942 _hY:1.42.N5<-N1, P0
_cREF
_2CC
999 _c1101245
_d1101245